[Event "Championnat de France des Jeunes - Juni"]
[Site "Troyes"]
[Date "????.??.??"]
[Round "7.1"]
[White "Delorme, Axel"]
[Black "Stephan, Victor"]
[Result "1-0"]
[WhiteElo "2429"]
[BlackElo "2244"]
[PlyCount "0"]

1. d4 Nf6 2. g3 c5 3. d5 b5 4. Bg2 Bb7 5. e4 e6 6. Nh3 g6 7. O-O Bg7 8. dxe6
fxe6 9. Nc3 b4 10. Nb5 O-O 11. Nd6 Bc6 12. Be3 Qb6 13. a4 a5 14. b3 Na6 15. Nc4
Qd8 16. Bg5 h6 17. Bxf6 Qxf6 18. e5 Qf5 19. Bxc6 dxc6 20. Nf4 g5 21. Nd3 Nc7
22. Nxc5 Nd5 23. Qd3 Qh3 24. Rae1 Ra7 25. Nd6 Qg4 26. f3 Qh3 27. Qg6 Re7 28.
Nce4 Kh8 29. Nf2 Nf4 30. gxf4 Qxf3 31. Qe4 Qh5 32. Nd3 gxf4 33. Nxf4 1-0

[Event "Championnat de France des Jeunes - Juni"]
[Site "Troyes"]
[Date "2010.04.16"]
[Round "7.3"]
[White "Blum, Nicolas"]
[Black "Demuth, Adrien"]
[Result "0-1"]
[WhiteElo "2268"]
[BlackElo "2398"]
[Annotator "Rivier,Sylvain"]
[PlyCount "54"]

1. e4 c5 2. Nf3 d6 3. Bb5+ Nd7 4. d4 cxd4 5. Qxd4 a6 6. Bxd7+ Bxd7 7. O-O e5 8.
Qd3 h6 9. Be3 Nf6 10. a4 Be7 11. c4 b5 12. Nfd2 bxa4 13. Nc3 Rb8 14. Nxa4 Ng4
15. Rfe1 Nxe3 16. Qxe3 O-O 17. Nc3 Qc8 18. Nd5 Bd8 19. Qa3 Bg5 20. Qxd6 Be6 21.
Nf3 Qxc4 22. Nxg5 hxg5 23. Qxe5 Bxd5 24. exd5 Rfe8 25. Qxg5 Re2 26. Rac1 Qd4
27. Qf5 g6 {suite illisible} 0-1

[Event "Championnat de France des Jeunes - Juni"]
[Site "Troyes"]
[Date "2010.04.16"]
[Round "7.4"]
[White "Valles, Manuel"]
[Black "Robert, Bastien"]
[Result "1-0"]
[WhiteElo "2242"]
[BlackElo "2052"]
[PlyCount "97"]

1. d4 Nf6 2. c4 c5 3. d5 e6 4. Nc3 exd5 5. cxd5 d6 6. Nf3 g6 7. Bf4 Bg7 8. Qa4+
Bd7 9. Qb3 Qc7 10. e3 O-O 11. h3 Re8 12. Be2 Ne4 13. O-O Nxc3 14. bxc3 Bf5 15.
Nd2 Be5 16. Bxe5 Rxe5 17. Nc4 Re8 18. a4 Nd7 19. f3 Nf6 20. e4 Bc8 21. Bd3 Nh5
22. f4 Ng3 23. Rfe1 Nh5 24. Rf1 Ng3 25. Rfe1 Nh5 26. e5 Nxf4 27. Nxd6 Rf8 28.
Bc4 Qe7 29. Nxc8 Raxc8 30. Qd1 h5 31. Qf3 Qh4 32. Re4 g5 33. Bf1 f5 34. Rc4
Rfe8 35. e6 Rcd8 36. Rd1 b6 37. Kh2 g4 38. Rxf4 Rxe6 39. dxe6 Rxd1 40. Qxd1 g3+
41. Kg1 Qxf4 42. Qe1 Qxa4 43. e7 Kf7 44. Bc4+ Ke8 45. Qe6 Qa1+ 46. Bf1 Qb1 47.
Qf6 Qe1 48. Qf8+ Kd7 49. e8=Q+ 1-0

[Event "Championnat de France des Jeunes - Juni"]
[Site "Troyes"]
[Date "2010.04.16"]
[Round "7.5"]
[White "Charrais, Kevin"]
[Black "Dubois, Pierre"]
[Result "1/2-1/2"]
[WhiteElo "1888"]
[BlackElo "1882"]
[PlyCount "43"]

1. b3 Nf6 2. Bb2 g6 3. e3 Bg7 4. Be2 d6 5. f4 Nc6 6. Nf3 Bg4 7. O-O h5 8. c4
O-O 9. d4 d5 10. Nbd2 e6 11. Ne5 Bxe2 12. Qxe2 Ne7 13. h3 Nf5 14. Qf2 Nd6 15.
g4 Nfe4 16. Nxe4 Nxe4 17. Qg2 Qh4 18. Rf3 Bxe5 19. fxe5 Ng5 20. Rg3 Ne4 21. Rf3
Ng5 22. Rg3 1/2-1/2

[Event "Championnat de France des Jeunes - Juni"]
[Site "Troyes"]
[Date "2010.04.16"]
[Round "7.6"]
[White "Favarel, Antoine"]
[Black "Masset, Jacques"]
[Result "1-0"]
[WhiteElo "2231"]
[BlackElo "1963"]
[PlyCount "55"]

1. e4 c5 2. Nf3 e6 3. c3 d5 4. exd5 exd5 5. d4 Nf6 6. Bb5+ Bd7 7. Bxd7+ Nbxd7
8. O-O Be7 9. dxc5 Nxc5 10. Nbd2 O-O 11. Nb3 Nce4 12. Bf4 a5 13. a4 Ng4 14.
Nfd4 Nexf2 15. Rxf2 Nxf2 16. Kxf2 Ra6 17. Kg1 Rg6 18. Qf3 Rf6 19. Qe3 Rg6 20.
Re1 Bh4 21. g3 Qd7 22. Nc5 Qh3 23. Nf3 Bd8 24. Nd4 b6 25. Nd3 Bf6 26. Be5 Re8
27. Nf4 Rxe5 28. Nxh3 1-0

[Event "Championnat de France des Jeunes - Juni"]
[Site "Troyes"]
[Date "2010.04.16"]
[Round "7.8"]
[White "Lemarchand, Matthieu"]
[Black "Levitt, Olivier"]
[Result "0-1"]
[WhiteElo "1833"]
[BlackElo "2004"]
[PlyCount "40"]

1. e4 c5 2. Nf3 Nc6 3. d4 cxd4 4. Nxd4 g6 5. Nc3 Bg7 6. Be3 Nf6 7. Nxc6 bxc6 8.
e5 Nd5 9. Nxd5 cxd5 10. Qxd5 Rb8 11. O-O-O Qc7 12. f4 O-O 13. b3 d6 14. exd6
exd6 15. Bd4 Be6 16. Qf3 Rfc8 17. Qf2 Bxd4 18. Rxd4 Qc3 19. Ra4 Bf5 20. Rc4
Qa1+ 0-1

[Event "Championnat de France des Jeunes - Juni"]
[Site "Troyes"]
[Date "2010.04.16"]
[Round "7.10"]
[White "Poey-Durut, Peio"]
[Black "Bressac, Stephane"]
[Result "1/2-1/2"]
[WhiteElo "1995"]
[BlackElo "2197"]
[PlyCount "81"]

1. e4 c5 2. Nf3 d6 3. d3 g6 4. g3 Bg7 5. Bg2 Nc6 6. O-O e5 7. c3 Be6 8. a4 h6
9. Na3 Nge7 10. Re1 O-O 11. Nc4 a6 12. Qe2 b5 13. axb5 axb5 14. Rxa8 Qxa8 15.
Nxd6 Qb8 16. d4 Qxd6 17. d5 Nxd5 18. exd5 Bxd5 19. Rd1 Rd8 20. Nxe5 Qxe5 21.
Qxe5 Nxe5 22. Bxd5 c4 23. f4 Nd3 24. Bc6 Rb8 25. Be4 Re8 26. Bxd3 cxd3 27. Kf2
Re2+ 28. Kf3 Rc2 29. Ke3 Rxh2 30. Rxd3 Rg2 31. Ke4 Rg1 32. Be3 Rxg3 33. Rd8+
Kh7 34. Rb8 g5 35. fxg5 hxg5 36. Rxb5 Kg6 37. Rb6+ Kh5 38. Bd4 Bxd4 39. cxd4
Kg4 40. Rf6 Rb3 41. Rxf7 1/2-1/2

[Event "Championnat de France - Juniors Filles"]
[Site "TROYES"]
[Date "2010.04.16"]
[Round "6.1"]
[White "Armas, Lara-Maria"]
[Black "Forestier, Carole"]
[Result "0-1"]
[WhiteElo "2008"]
[BlackElo "2127"]
[PlyCount "134"]

1. d4 c5 2. dxc5 Qa5+ 3. Nd2 Qxc5 4. Ngf3 Nf6 5. e3 g6 6. c4 Bg7 7. Bd3 O-O 8.
Rb1 a5 9. b3 Qc7 10. Bb2 Na6 11. a3 Nc5 12. Bc2 d6 13. O-O b6 14. Nd4 Bb7 15.
Qe2 Rad8 16. Rbc1 Qb8 17. Rfd1 Qa8 18. f3 d5 19. b4 Na6 20. bxa5 bxa5 21. cxd5
Nxd5 22. N2b3 Qa7 23. Bd3 e5 24. Nb5 Qxe3+ 25. Kh1 Qxe2 26. Bxe2 a4 27. Na5 Ba8
28. Nc6 Bxc6 29. Rxc6 Nb8 30. Rcc1 Nf4 31. Bf1 Rxd1 32. Rxd1 Nc6 33. Nc3 Ra8
34. Bb5 Nd4 35. Bxa4 Rb8 36. Ba1 Bf8 37. Rb1 Ra8 38. Bb2 Nd5 39. Ba1 Bxa3 40.
h3 Bb4 41. Bd7 Rxa1 42. Rxa1 Bxc3 43. Ra3 Ne2 44. Bb5 Ndf4 45. g3 Nxg3+ 46. Kh2
Nge2 47. Ra2 Nd4 48. Bc4 Nxf3+ 49. Kg3 Nd4 50. Ra3 Nfe6 51. Kf2 Bd2 52. Ra2 Bf4
53. Bd5 Kg7 54. Ra7 Kf6 55. Ke1 Be3 56. Kf1 g5 57. Rb7 h5 58. Bc4 Kg6 59. Re7
g4 60. hxg4 hxg4 61. Kg2 Bg5 62. Ra7 f5 63. Ra6 Kf6 64. Kg3 Bd2 65. Rb6 Be1+
66. Kg2 f4 67. Bd5 Kf5 0-1

[Event "Championnat de France - Juniors Filles"]
[Site "TROYES"]
[Date "2010.04.16"]
[Round "6.2"]
[White "Vinckier, Delphine"]
[Black "Peyre, Camille"]
[Result "0-1"]
[WhiteElo "1811"]
[BlackElo "1931"]
[PlyCount "64"]

1. e4 c5 2. Nf3 e6 3. c3 Nf6 4. Bd3 d5 5. e5 Nfd7 6. Bc2 Nc6 7. d4 Be7 8. O-O
Nf8 9. Be3 cxd4 10. cxd4 Nb4 11. Bb3 Ng6 12. Nc3 Bd7 13. a3 Nc6 14. Rc1 Na5 15.
Ba2 Rc8 16. Nd2 O-O 17. b4 Nc4 18. Nxc4 dxc4 19. f4 a5 20. Ne4 b5 21. Nc5 axb4
22. axb4 Bc6 23. Bb1 Bxc5 24. bxc5 Qd5 25. Qe2 Ra8 26. Rf3 Ra3 27. Rd1 Nh4 28.
Rg3 Nxg2 29. Bxh7+ Kh8 30. Rh3 Nxf4 31. Be4+ Nxh3+ 32. Kg2 Qxe4+ 0-1

[Event "Championnat de France - Juniors Filles"]
[Site "TROYES"]
[Date "2010.04.16"]
[Round "6.3"]
[White "Esposito, Julie"]
[Black "Richard, Emma"]
[Result "0-1"]
[WhiteElo "1767"]
[BlackElo "2116"]
[PlyCount "88"]

1. d4 Nf6 2. c4 e6 3. Nc3 c5 4. d5 exd5 5. cxd5 d6 6. e4 g6 7. Bb5+ Nbd7 8. Nf3
a6 9. Bxd7+ Nxd7 10. a4 Bg7 11. O-O O-O 12. Bf4 Qc7 13. Re1 Re8 14. Qc2 c4 15.
Nd2 Rb8 16. a5 b5 17. axb6 Nxb6 18. Rab1 Bd7 19. Bg3 f5 20. Qd1 Be5 21. exf5
Bxc3 22. bxc3 Bxf5 23. Rb4 Bd3 24. Re6 Nxd5 25. Bxd6 Qd7 26. Rxe8+ Qxe8 27.
Rxb8 Qxb8 28. Bb4 Qe5 29. Nf3 Nxc3 30. Nxe5 Nxd1 31. Nxd3 cxd3 32. Kf1 Nb2 33.
Bc3 Nc4 34. f4 Kf7 35. Kf2 Ke6 36. g4 a5 37. h3 a4 38. Ba1 a3 39. Ke1 Kd5 40.
Bc3 Ke4 41. f5 gxf5 42. g5 f4 43. h4 Kf5 44. Bf6 a2 0-1

[Event "Championnat de France - Juniors Filles"]
[Site "TROYES"]
[Date "2010.04.16"]
[Round "6.4"]
[White "Sanchez, Amelie"]
[Black "Langlet, Stephanie"]
[Result "1/2-1/2"]
[WhiteElo "1860"]
[BlackElo "1470"]
[PlyCount "115"]

1. e4 e5 2. Nf3 Nc6 3. d4 exd4 4. Nxd4 Bc5 5. Be3 Qf6 6. Nb5 Bd6 7. Nxd6+ Qxd6
8. Qxd6 cxd6 9. Nc3 Nf6 10. Nb5 Ke7 11. Bg5 a6 12. Nc7 Rb8 13. Nd5+ Ke6 14.
Nxf6 gxf6 15. Bf4 b5 16. g3 Ne5 17. Bh3+ Ke7 18. O-O-O Rb6 19. Be3 Rc6 20. f4
Nc4 21. Bf2 Bb7 22. Bg2 Rc7 23. Rd3 Rhc8 24. c3 b4 25. Bd4 bxc3 26. Bxc3 Nb6
27. Kd1 Rc4 28. Re1 Na4 29. Bd4 Rc2 30. Rd2 Rc1+ 31. Ke2 Rxe1+ 32. Kxe1 Nc5 33.
Rc2 Nd3+ 34. Kd2 Rxc2+ 35. Kxc2 Ne1+ 36. Kc3 Nxg2 37. e5 fxe5 38. fxe5 dxe5 39.
Bxe5 Ke6 40. Bc7 d5 41. Kd4 Bc6 42. b3 Ne1 43. Kc5 Bb5 44. a4 Bd3 45. Ba5 Nc2
46. Bc3 f5 47. b4 h5 48. b5 axb5 49. axb5 Bxb5 50. Kxb5 Kd6 51. Ka4 Kc5 52. Kb3
Ne3 53. h4 Nf1 54. Be5 Ne3 55. Kc3 Ng4 56. Bf4 d4+ 57. Kd3 Kd5 58. Bh6 1/2-1/2

[Event "Championnat de France - Juniors Filles"]
[Site "TROYES"]
[Date "2010.04.16"]
[Round "6.5"]
[White "Bartolo, Alexia"]
[Black "Mallard, Ophelie"]
[Result "0-1"]
[WhiteElo "1553"]
[BlackElo "1670"]
[PlyCount "68"]

1. e4 e6 2. d4 d5 3. e5 c5 4. c3 Nc6 5. Nf3 Bd7 6. Bd3 Qc7 7. O-O f6 8. exf6
Nxf6 9. dxc5 Bxc5 10. Re1 O-O 11. Be3 Bd6 12. h3 e5 13. Bc2 e4 14. Nd4 Nxd4 15.
Bxd4 Rae8 16. Bxf6 Rxf6 17. Qxd5+ Kh8 18. Rxe4 Ref8 19. Re2 Bc6 20. Qd3 Rg6 21.
g4 Rh6 22. Re6 Bh2+ 23. Kf1 Bb5 24. Qxb5 Rxe6 25. Qd3 g6 26. Nd2 Qf4 27. f3 Rd6
28. Qe4 Rxd2 29. Qxf4 Rxf4 30. Be4 Rxb2 31. a4 Rf7 32. c4 Rc7 33. Bd5 Bf4 34.
a5 Rh2 0-1

[Event "Championnat de France - Juniors Filles"]
[Site "TROYES"]
[Date "2010.04.16"]
[Round "6.6"]
[White "Belier, Marie"]
[Black "Le Berre, Tennessee"]
[Result "0-1"]
[WhiteElo "1430"]
[BlackElo "1799"]
[PlyCount "42"]

1. d4 Nf6 2. c4 g6 3. Bf4 Bg7 4. Nc3 d6 5. Nf3 O-O 6. e4 Nbd7 7. e5 Nh5 8. Qd2
Nxf4 9. Qxf4 dxe5 10. Nxe5 Nxe5 11. dxe5 Bf5 12. Rd1 Qc8 13. Nd5 Re8 14. e6
Qxe6+ 15. Be2 Be5 16. Qe3 c6 17. Nf4 Bxf4 18. Qxf4 Rad8 19. Rd2 Bd3 20. O-O
Bxe2 21. Re1 Qxc4 0-1

[Event "Championnat de France des Jeunes - Cade"]
[Site "LE GRAND BORNAND"]
[Date "????.??.??"]
[Round "7.1"]
[White "Ludwig, Remi"]
[Black "Massoni, Michael"]
[Result "1/2-1/2"]
[WhiteElo "2200"]
[BlackElo "2292"]
[PlyCount "0"]

1. d4 Nf6 2. c4 g6 3. Nc3 d5 4. Bf4 Bg7 5. e3 O-O 6. Rc1 dxc4 7. Bxc4 c5 8. Nf3
Nc6 9. O-O cxd4 10. exd4 Na5 11. Be2 Be6 12. Nb5 Nc6 13. Nc7 Nd5 14. Nxe6 fxe6
15. Bg3 Nf4 16. Bxf4 Rxf4 17. Qb3 Nxd4 18. Nxd4 Bxd4 19. Qxe6+ Kg7 20. Bf3 Rf6
21. Qe4 Rb8 22. Rc2 e5 23. Qh4 Rf7 24. Qxd8 1/2-1/2

[Event "Championnat de France des Jeunes - Cade"]
[Site "LE GRAND BORNAND"]
[Date "2010.04.16"]
[Round "7.2"]
[White "Buscara, Sevan"]
[Black "Dionisi, Thomas"]
[Result "1-0"]
[WhiteElo "2238"]
[BlackElo "2142"]
[PlyCount "61"]

1. d4 Nf6 2. Bf4 g6 3. e3 Bg7 4. Nf3 d6 5. Be2 O-O 6. O-O Nh5 7. Bg5 h6 8. Bh4
g5 9. Nfd2 gxh4 10. Bxh5 c5 11. Nb3 Nd7 12. Nc3 e6 13. a4 cxd4 14. exd4 Nf6 15.
Bf3 d5 16. Re1 Qd6 17. Qd2 Bd7 18. Qe3 Nh7 19. Nc5 Bc6 20. Rad1 Kh8 21. Bh5 Nf6
22. Be2 Rg8 23. Nd3 Ne4 24. Nxe4 dxe4 25. Ne5 Raf8 26. Bh5 Qc7 27. Qf4 Qe7 28.
Bxf7 Qg5 29. Qxg5 hxg5 30. Bxg8 Kxg8 31. Nxc6 1-0

[Event "Championnat de France des Jeunes - Cade"]
[Site "LE GRAND BORNAND"]
[Date "2010.04.16"]
[Round "7.3"]
[White "Dubessay, Bastien"]
[Black "Grandadam, Nicolas"]
[Result "1/2-1/2"]
[WhiteElo "2212"]
[BlackElo "2232"]
[PlyCount "60"]

1. d4 d5 2. c4 e6 3. Nc3 c6 4. e3 Nf6 5. Nf3 Nbd7 6. Bd3 dxc4 7. Bxc4 b5 8. Bd3
Bd6 9. O-O O-O 10. b3 a6 11. a4 Bb7 12. Bb2 b4 13. Ne4 Nxe4 14. Bxe4 Nf6 15.
Bd3 Qa5 16. Qc2 h6 17. Rfd1 Rac8 18. Qe2 Qc7 19. Bxa6 Ne4 20. Bxb7 Qxb7 21. Nd2
Nc3 22. Bxc3 bxc3 23. Ne4 Bb4 24. Rac1 c5 25. Nd6 Qd5 26. Nxc8 Rxc8 27. Qc4
Qxc4 28. bxc4 cxd4 29. Rxd4 e5 30. Re4 Rd8 1/2-1/2

[Event "Championnat de France des Jeunes - Cade"]
[Site "LE GRAND BORNAND"]
[Date "2010.04.16"]
[Round "7.4"]
[White "Billon, Olivier"]
[Black "Ollier, Pablo"]
[Result "0-1"]
[WhiteElo "2084"]
[BlackElo "2294"]
[PlyCount "70"]

1. e4 e5 2. Nf3 Nc6 3. Bb5 a6 4. Ba4 d6 5. c3 f5 6. exf5 Bxf5 7. d4 e4 8. Qe2
Be7 9. Nfd2 d5 10. Nf1 Nf6 11. Nbd2 O-O 12. Ne3 Be6 13. O-O Qe8 14. Bd1 Bd6 15.
f4 Ne7 16. g4 g6 17. Rf2 Kh8 18. Ndf1 Qd7 19. h3 Rf7 20. Ng2 Raf8 21. f5 gxf5
22. g5 Ne8 23. Bf4 Ng6 24. Nfe3 Ng7 25. h4 Bxf4 26. Rxf4 Qd6 27. Qf2 Bd7 28. h5
Nxf4 29. Nxf4 Ne6 30. Neg2 Nxg5 31. Qh4 Rg7 32. Kh1 c6 33. Ne3 Qh6 34. Qf2 Nf3
35. Bxf3 Qxf4 0-1

[Event "Championnat de France des Jeunes - Cade"]
[Site "LE GRAND BORNAND"]
[Date "2010.04.16"]
[Round "7.5"]
[White "Bouget, Alexandre"]
[Black "Naudion, Gregoire"]
[Result "1-0"]
[WhiteElo "2173"]
[BlackElo "2026"]
[PlyCount "93"]

1. d4 Nf6 2. c4 c5 3. d5 e6 4. Nc3 exd5 5. cxd5 Bd6 6. e4 O-O 7. Bd3 Re8 8.
Nge2 Bc7 9. O-O d6 10. Bg5 a6 11. a4 Nbd7 12. f4 h6 13. Bh4 Nf8 14. e5 dxe5 15.
f5 N8h7 16. Ne4 Qxd5 17. Bxf6 Nxf6 18. Nxf6+ gxf6 19. Qc2 e4 20. Bc4 Qe5 21.
Ng3 Qd4+ 22. Kh1 Bxg3 23. Qb3 Rf8 24. Qxg3+ Kh7 25. Bxf7 Bxf5 26. Rad1 Qxa4 27.
Bb3 Qc6 28. Rxf5 c4 29. Bc2 Rad8 30. Re1 Qd6 31. Qxd6 Rxd6 32. Bxe4 Kg7 33.
Bxb7 Rb8 34. Bf3 Rxb2 35. Rc5 Re6 36. Rf1 Rb4 37. h3 Re3 38. Rc1 c3 39. R1xc3
Rxc3 40. Rxc3 Rb1+ 41. Kh2 Ra1 42. Bh5 a5 43. Rc7+ Kg8 44. Kg3 a4 45. Kf4 a3
46. Ra7 a2 47. Bf7+ 1-0

[Event "Championnat de France des Jeunes - Cade"]
[Site "LE GRAND BORNAND"]
[Date "2010.04.16"]
[Round "7.6"]
[White "Feryn, Alexandre"]
[Black "Hutois, Mickael"]
[Result "1/2-1/2"]
[WhiteElo "2061"]
[BlackElo "2110"]
[PlyCount "110"]

1. e4 e5 2. Nf3 Nc6 3. Bb5 Nf6 4. O-O d6 5. Re1 Bd7 6. c3 a6 7. Ba4 g6 8. d4
Qe7 9. Nbd2 Bg7 10. Nf1 O-O 11. h3 h6 12. Ng3 Nd8 13. Bb3 Kh7 14. Nh2 Ne6 15.
Be3 c5 16. dxe5 dxe5 17. Nf3 Nf4 18. Qd2 N4h5 19. Nxh5 Nxh5 20. Qd5 b6 21. Qb7
Rfb8 22. Qc7 Rc8 23. Qxb6 c4 24. Bc2 Rab8 25. Qa7 Qe6 26. b4 Be8 27. Rad1 Nf6
28. Bc5 Ra8 29. Qe7 Qxe7 30. Bxe7 Nd7 31. a4 Kg8 32. Rd2 f6 33. Red1 Ra7 34. a5
Kf7 35. Bd6 h5 36. Ba4 Bh6 37. Rd5 Kg8 38. Bxd7 Rxd7 39. Bc5 Rcd8 40. Kf1 Kf7
41. Ke2 Ke6 42. Rxd7 Rxd7 43. Rxd7 Bxd7 44. Be3 Bg7 45. Nd2 f5 46. f3 Bb5 47.
Bg5 Bf8 48. h4 Bd6 49. Nb1 Ba4 50. Na3 Bb3 51. Kd2 Kd7 52. Ke3 Bb8 53. f4 Ke6
54. Kf3 Bd1+ 55. Ke3 Bb3 1/2-1/2

[Event "Championnat de France des Jeunes - Cade"]
[Site "LE GRAND BORNAND"]
[Date "2010.04.16"]
[Round "7.7"]
[White "Marcel, Valentin"]
[Black "Song, Julien"]
[Result "0-1"]
[WhiteElo "2008"]
[BlackElo "2329"]
[PlyCount "70"]

1. e4 e6 2. b3 d5 3. Bb2 Nf6 4. e5 Ng8 5. f4 c5 6. Nf3 Nc6 7. d4 Nh6 8. Bd3 Qb6
9. c3 Bd7 10. O-O cxd4 11. Nxd4 Bc5 12. Bc2 Nf5 13. Bxf5 exf5 14. Kh1 O-O 15.
Rf3 a5 16. a4 Rac8 17. Na3 Bxd4 18. cxd4 Nb4 19. Bc3 Rc7 20. Bxb4 axb4 21. Nc2
Rfc8 22. Rf2 Rc3 23. Rb1 Qa5 24. Ne1 b5 25. axb5 Bxb5 26. Ra1 Qc7 27. Rc2 Rxc2
28. Qxc2 Qb7 29. Qxf5 Bd7 30. Qg5 h6 31. Qe7 Qb5 32. Nf3 Bg4 33. Ra7 Rc1+ 34.
Ng1 Be6 35. Ra8+ Kh7 0-1

[Event "Championnat de France des Jeunes - Cade"]
[Site "LE GRAND BORNAND"]
[Date "2010.04.16"]
[Round "7.8"]
[White "Muratet, Lucas"]
[Black "Villegas, Pierre"]
[Result "0-1"]
[WhiteElo "1961"]
[BlackElo "2257"]
[Annotator "Rivier,Sylvain"]
[PlyCount "65"]

1. e4 c5 2. Nf3 d6 3. d4 cxd4 4. Nxd4 a6 5. c4 e6 6. Nc3 b6 7. g3 Bb7 8. Bg2
Qc7 9. Qd3 Nd7 10. b3 Ngf6 11. O-O Be7 12. h3 Rc8 13. Bd2 O-O 14. Rae1 Rfd8 15.
Qe2 Bf8 16. g4 g6 17. f4 Bg7 18. Nf3 Nc5 19. e5 Nfe4 20. b4 Ng3 21. Qe3 Nxf1
22. Rxf1 Nd7 23. Ng5 Bxg2 24. Kxg2 dxe5 25. f5 Qc6+ 26. Kg1 Nf6 27. Nxf7 Kxf7
28. fxg6+ Kg8 29. Rxf6 Qxc4 30. Rf2 Qd4 31. Qxd4 Rxd4 32. Re2 hxg6 33. Na4 {
suite illisible} 0-1

[Event "Championnat de France des Jeunes - Cade"]
[Site "LE GRAND BORNAND"]
[Date "2010.04.16"]
[Round "7.9"]
[White "Iwanesko, Alexandre"]
[Black "Sola, Flavien"]
[Result "1-0"]
[WhiteElo "2222"]
[BlackElo "1946"]
[PlyCount "39"]

1. Nc3 e5 2. d4 exd4 3. Qxd4 Nc6 4. Qa4 d5 5. Nf3 Bc5 6. Bg5 f6 7. Bh4 Nge7 8.
O-O-O Bd7 9. Qb5 Bb6 10. Nxd5 a6 11. Qb3 Nxd5 12. Qxd5 Qe7 13. e3 O-O-O 14. Bc4
Rhf8 15. Bb3 Na5 16. Qd3 g5 17. Bg3 Kb8 18. Qc3 Nxb3+ 19. Qxb3 Bc6 20. Qxb6 1-0

[Event "Championnat de France des Jeunes - Cade"]
[Site "LE GRAND BORNAND"]
[Date "2010.04.16"]
[Round "7.10"]
[White "Najart, David"]
[Black "Di Nicolantonio, Lucas"]
[Result "1-0"]
[WhiteElo "1990"]
[BlackElo "2215"]
[PlyCount "97"]

1. d4 d5 2. c4 c6 3. Nc3 Nf6 4. e3 a6 5. Nf3 b5 6. c5 Nbd7 7. a3 Qc7 8. b4 e5
9. Nxe5 Nxe5 10. dxe5 Qxe5 11. Bb2 Qc7 12. a4 bxa4 13. Nxa4 Rb8 14. Qd4 a5 15.
bxa5 Rxb2 16. Nxb2 Ne4 17. Nd3 Be7 18. Qb4 Ba6 19. Qb6 Qc8 20. f3 Bxd3 21. fxe4
Bxe4 22. a6 Bf6 23. Ra3 O-O 24. a7 g6 25. a8=Q Bc3+ 26. Rxc3 Qxa8 27. Qb2 Qd8
28. Bd3 d4 29. Ra3 dxe3 30. Qe2 Bxd3 31. Qxd3 Qh4+ 32. g3 Qb4+ 33. Rc3 e2 34.
Kxe2 Re8+ 35. Kf2 Re5 36. Re1 Rd5 37. Qe3 Qb2+ 38. Re2 Qb1 39. Qe4 Rf5+ 40. Ke3
Qg1+ 41. Kd3 Qd1+ 42. Ke3 Qg1+ 43. Kd2 Rf1 44. Qe8+ Kg7 45. Qe5+ Kg8 46. Rd3
Rd1+ 47. Kc2 Rc1+ 48. Kb2 Rb1+ 49. Ka2 1-0

[Event "Championnat de France des Jeunes - Cade"]
[Site "TROYES"]
[Date "????.??.??"]
[Round "7.1"]
[White "Soubirou, Oriane"]
[Black "Copin, Oceane"]
[Result "0-1"]
[WhiteElo "2017"]
[BlackElo "1871"]
[PlyCount "0"]

1. d4 d5 2. c4 c6 3. Nc3 Nf6 4. cxd5 cxd5 5. Bf4 Qb6 6. Qd2 Nc6 7. e3 Bf5 8. f3
e6 9. a3 Be7 10. Bb5 a6 11. Bxc6+ Qxc6 12. Nge2 Bg6 13. Rc1 Qd7 14. O-O O-O 15.
Bg3 h6 16. Nf4 Bh7 17. Nd3 Rfc8 18. Ne5 Qe8 19. Ne2 Nd7 20. Nxd7 Qxd7 21. Rc3
Rxc3 22. Nxc3 Rc8 23. Rc1 Rc4 24. Nd1 Qc6 25. Rxc4 Qxc4 26. Kf2 Kf8 27. Qc3 Bd3
28. Qxc4 Bxc4 29. Nc3 h5 30. Bc7 Ke8 31. e4 Kd7 32. Bf4 a5 33. Bd2 b5 34. Nd1
b4 35. axb4 axb4 36. Ne3 Kc6 37. e5 Kb5 38. f4 Ka4 39. Nc2 Kb3 40. Ne1 Kxb2 41.
Bxb4 Bxb4 42. Nf3 Be7 43. h3 Bd3 44. g4 hxg4 45. hxg4 Be4 46. Nd2 Bh4+ 47. Ke3
Bc2 48. Nf3 Bd8 49. Ne1 g6 50. Nf3 Kc3 51. Ng1 Be4 52. Ne2+ Kc4 53. f5 Bg5+ 0-1

[Event "Championnat de France des Jeunes - Cade"]
[Site "TROYES"]
[Date "2010.04.16"]
[Round "7.2"]
[White "Le Bail, Arielle"]
[Black "De Seroux, Camille"]
[Result "1-0"]
[WhiteElo "1847"]
[BlackElo "2019"]
[PlyCount "111"]

1. d4 Nf6 2. c4 g6 3. Nc3 Bg7 4. e4 d6 5. f3 O-O 6. Nge2 c5 7. d5 e6 8. Ng3
exd5 9. cxd5 h5 10. Bg5 Qb6 11. Qd2 Nh7 12. Bh4 Nd7 13. Be2 a6 14. O-O f6 15.
f4 c4+ 16. Kh1 Qd8 17. Qe1 b5 18. Rf3 g5 19. Nf5 gxh4 20. Qxh4 Nc5 21. Rh3 Bxf5
22. exf5 Rf7 23. Bxh5 Re7 24. Ne2 Nf8 25. Nd4 Qb6 26. Ne6 Ncxe6 27. fxe6 Qd4
28. Bf7+ Rxf7 29. exf7+ Kxf7 30. Qh5+ Kg8 31. Rf1 Qxb2 32. Rg3 Ra7 33. h4 Re7
34. Qg4 c3 35. h5 c2 36. h6 c1=Q 37. Rxc1 Qxc1+ 38. Kh2 Qc2 39. f5 Qc7 40. Qh4
Nh7 41. Qh5 Qd7 42. Qg6 Ng5 43. Rxg5 fxg5 44. f6 Rf7 45. fxg7 Rxg7 46. hxg7
Qxg7 47. Qxd6 Qh8+ 48. Kg3 Qh4+ 49. Kf3 Qh5+ 50. Ke3 Qe8+ 51. Kd4 Kf7 52. Qxa6
Qh8+ 53. Kc5 Qc3+ 54. Kxb5 Qd3+ 55. Kb6 Qxd5 56. Qb7+ 1-0

[Event "Championnat de France des Jeunes - Cade"]
[Site "TROYES"]
[Date "2010.04.16"]
[Round "7.3"]
[White "Jeannerot, Lea"]
[Black "Lefevre, Margaux"]
[Result "0-1"]
[WhiteElo "2030"]
[BlackElo "2036"]
[PlyCount "100"]

1. d4 Nf6 2. Nf3 c5 3. e3 g6 4. Bd3 Bg7 5. O-O b6 6. c4 O-O 7. Nc3 cxd4 8. Nxd4
Bb7 9. Qd2 Na6 10. Rb1 Nc5 11. Bc2 Rc8 12. f3 d5 13. cxd5 Nxd5 14. Nxd5 Bxd5
15. b4 Ne6 16. Nxe6 Bxe6 17. Qxd8 Rfxd8 18. Bb3 Bxb3 19. Rxb3 Rc2 20. a4 Rdc8
21. Rb1 Ra2 22. Rf2 Rxa4 23. Kf1 Rc4 24. b5 Rcb4 25. Rxb4 Rxb4 26. Ba3 Rb1+ 27.
Ke2 Bf6 28. Rf1 Rxb5 29. Rd1 Rb3 30. Bc1 a5 31. e4 Kg7 32. f4 Bb2 33. Bxb2+
Rxb2+ 34. Kd3 Rxg2 35. Rb1 Rxh2 36. Rxb6 h5 37. Ra6 Ra2 38. Rb6 Ra3+ 39. Ke2
Ra4 40. Kf3 Rb4 41. Ra6 a4 42. f5 g5 43. e5 Rf4+ 44. Kg3 Rxf5 45. e6 Rf6 46.
Rxa4 Rxe6 47. Ra5 Kg6 48. Kf3 f5 49. Ra8 g4+ 50. Kf2 Kg5 0-1

[Event "Championnat de France des Jeunes - Cade"]
[Site "TROYES"]
[Date "2010.04.16"]
[Round "7.4"]
[White "Armas, Lena"]
[Black "Thuret, Marine"]
[Result "1-0"]
[WhiteElo "1816"]
[BlackElo "1832"]
[PlyCount "49"]

1. e4 c5 2. Nc3 a6 3. f4 b5 4. Nf3 Bb7 5. d3 e6 6. Be2 d5 7. e5 Nc6 8. O-O h5
9. f5 Be7 10. fxe6 fxe6 11. Qd2 g6 12. Qf4 Qc7 13. Ng5 Bxg5 14. Qxg5 Qh7 15.
Be3 Nd4 16. Rf2 Nh6 17. Rf6 Nhf5 18. Bxd4 Nxd4 19. Raf1 b4 20. Rxg6 bxc3 21.
Rg7 Nxe2+ 22. Kh1 Qxg7 23. Qxg7 O-O-O 24. Rf7 Ba8 25. Rc7+ 1-0

[Event "Championnat de France des Jeunes - Cade"]
[Site "TROYES"]
[Date "2010.04.16"]
[Round "7.5"]
[White "Saucey, Capucine"]
[Black "Auvray, Juliette"]
[Result "0-1"]
[WhiteElo "1798"]
[BlackElo "1974"]
[PlyCount "100"]

1. e4 c5 2. Nf3 e6 3. c4 Nc6 4. Nc3 a6 5. d4 cxd4 6. Nxd4 Bb4 7. Nxc6 bxc6 8.
Be3 Qa5 9. Bd2 Qe5 10. Bd3 a5 11. Qe2 Ne7 12. O-O O-O 13. f4 Qc7 14. f5 Bc5+
15. Kh1 Bd4 16. Rf3 Bb7 17. Rh3 g6 18. Rf1 f6 19. Qg4 Rf7 20. fxg6 Nxg6 21. e5
Bxe5 22. Bxg6 hxg6 23. Bh6 g5 24. Qh5 d5 25. Qg6+ Rg7 26. Bxg7 Qxg7 27. Qxg7+
Kxg7 28. cxd5 cxd5 29. Na4 Bc6 30. Nc5 g4 31. Rh4 f5 32. Nxe6+ Kg6 33. Rc1 Bd7
34. Nc5 Rc8 35. b3 Bf6 36. g3 Bxh4 37. gxh4 f4 38. Nd3 Rxc1+ 39. Nxc1 Kf5 40.
Nd3 Bb5 41. Nb2 Kg6 42. Nd1 Kh5 43. Nc3 Bc6 44. Kg1 Kxh4 45. a3 Kg5 46. Kf2 Kf5
47. b4 axb4 48. axb4 d4 49. Nd1 Ke4 50. Nb2 Bb5 0-1